01522nam a2200349 a 4500001001000000003000500010005001700015008004100032010001100073011001100084040000900095090001000104100003800114245023800152260004100390500006000431502007100491590004000562590004000602650003300642650003200675650002100707650002500728650003100753856007000784901000700854942001000861942000600871999001900877952014000896952013601036000111675CHAP20220329144224.0150625s2015 mx a fsm |||||||spa d a108136 a109108 cCHAP aTesis1 aEspaña Solís, Rodrigo912959710aDiseño de la red de conducción y distribución mediante redes abiertas de tuberías de la zona de riego de los ejidos Telixtac, Cayehuacán, Tlalayo y Axochiapan, estado de Morelosh[En línea]cpor Ridrigo Esapaña Solís. aChapingo, Méx. :bEl autor,c2015. aPara ver el contenido del material haga clic en la liga aTesis (Ing. en Irrigación) -- UACH. Departamento de Irrigación aE6096MTMb05c20150625lUCH01h1414 aE6096MTMb05c20150625lUCH01h141714aAgua para irrigación9243014aAguaxDistribución.9236614aDiseño.93272714aRed de riego.99535014aSistemas de riego.9106772 aFinding aiduhttp://10.13.5.2/tesis/sist111675.pdfzTeclea aquí aBK cTESIS n0 c108136d108136 00102local4053708TESISaBCbBCcPA_TESISd2015-06-25fTESISl0oTesisp33724002504199r2019-12-31 00:00:00tc.2w2019-12-31yTESIS 00104054718TESISaBCbBCd2015-06-25fTESISl0oTesisp33724002504231r2019-12-31 00:00:00w2019-12-31yTESISzRecien adquirido